Central Library OPAC University of Rajshahi

Dilemmas in criminology / (Record no. 34878)

MARC details
000 -LEADER
fixed length control field 00841cam a22002771 4500
001 - CONTROL NUMBER
control field 34878
003 - CONTROL NUMBER IDENTIFIER
rucl marc code BD-RjUL
005 - DATE AND TIME OF LATEST TRANSACTION
control field 20211209052226.0
008 - FIXED-LENGTH DATA ELEMENTS--GENERAL INFORMATION
fixed length control field 140519s1967 nyu b 000 0 eng
035 ## - SYSTEM CONTROL NUMBER
System control number (BD-RjUL)34972
040 ## - CATALOGING SOURCE
Original cataloging agency DLC
Transcribing agency DLC
Modifying agency DLC
Language of cataloging eng
041 ## - LANGUAGE CODE
Language code of text/sound track or separate title eng
082 00 - DEWEY DECIMAL CLASSIFICATION NUMBER
Classification number 364.973
Author mark and year SAD 1967
100 1# - MAIN ENTRY--PERSONAL NAME
Personal name Savitz, Leonard D.
9 (RLIN) 22055
245 10 - TITLE STATEMENT
Title Dilemmas in criminology /
Statement of responsibility, etc. Leonard Savitz.
260 ## - PUBLICATION, DISTRIBUTION, ETC. (IMPRINT)
Place of publication, distribution, etc. New York :
Name of publisher, distributor, etc. McGraw-Hill ;
Date of publication, distribution, etc. 1967
300 ## - PHYSICAL DESCRIPTION
Pagination ix, 130 p. ;
Size 21 cm.
490 0# - SERIES STATEMENT
Series statement McGraw-Hill social problems series
504 ## - BIBLIOGRAPHY, ETC. NOTE
Bibliography, etc Bibliography: p. [116]-123.
650 #0 - SUBJECT ADDED ENTRY--TOPICAL TERM
Topical term or geographic name as entry element Criminal law
Geographic subdivision United States.
9 (RLIN) 106172
Topical term or geographic name as entry element Criminal justice, Administration of
Geographic subdivision United States.
9 (RLIN) 106173
Topical term or geographic name as entry element Criminology
Geographic subdivision United States.
9 (RLIN) 106174
942 ## - ADDED ENTRY ELEMENTS (KOHA)
Source of classification or shelving scheme Dewey Decimal Classification
Koha item type Books
Holdings
Lost status Source of classification or shelving scheme Damaged status Not for loan Collection code Permanent Location Current Location Shelving location Date acquired Cost, normal purchase price Full call number Date last seen Copy number Koha item type
  Dewey Decimal Classification   Not For Loan Non-fiction Central Library, University of Rajshahi Central Library, University of Rajshahi Reading Room 13/10/2025 8.75 364.973 SAD 1967 13/10/2025 C-1 Books